000 00709nam a2200241Ia 4500
003 OSt
005 20220925201805.0
006 a|||||r|||| 00| 0
007 ta
008 220923b |||||||| |||| 00| 0 eng d
037 _cGeneral Book
040 _aRTL
_cRTL
_beng
041 _2eng
_aeng
082 _aX:9F,91.2.N6, K3/GD
110 _aIndia,Labour Employment and Training (D/o)
_9262480
245 0 _aEmployment of women in India
260 _aDelhi
_bMOP India
_c1963
300 _a30p.
_ccm.
650 _aFull Employment
700 _aIndia,Labour Employment and Training (D/o)
_9262481
942 _hX:9F,91.2.N6, K3/GD
_cGB
_2CC
999 _c541250
_d541250